Handbook of ecotoxicology

The book provides a readily accessible, yet critical collection of information on ecotoxicological practice and results. Information on the prediction and monitoring of the impact of chemicals derived from human activities on natural ecosystems is spread far and wide

Gespeichert in:
Bibliographische Detailangaben
Format: Buch
Sprache:Undetermined
Veröffentlicht: Malden, Massachusetts Blackwell Science 1993
Schlagworte:
Tags: Tag hinzufügen
Keine Tags, Fügen Sie den ersten Tag hinzu!
Thư viện lưu trữ: Trung tâm Học liệu Trường Đại học Cần Thơ
LEADER 00829nam a2200181Ia 4500
001 CTU_22810
008 210402s9999 xx 000 0 und d
020 |b 259.5df 
082 |a 574.5222 
082 |b H236 
245 0 |a Handbook of ecotoxicology 
260 |a Malden, Massachusetts 
260 |b Blackwell Science 
260 |c 1993 
520 |a The book provides a readily accessible, yet critical collection of information on ecotoxicological practice and results. Information on the prediction and monitoring of the impact of chemicals derived from human activities on natural ecosystems is spread far and wide 
650 |a ecological risk assessment - handbooks, manuals, etc,pollutants - toxicology,pollution - environmental aspects 
904 |i Minh, 980623 
980 |a Trung tâm Học liệu Trường Đại học Cần Thơ